Biodegradovateľné polymérne zmesi na báze PLA pre obalové aplikácie diplomová práca

Saved in:
Bibliographic Details
Main Author: Botíková, Henrieta
Format: Book
Language:Slovenian
Published: Bratislava STU FCHPT 2013
Online Access:View in OPAC
Tags: Add Tag
No Tags, Be the first to tag this record!

MARC

LEADER 00000nam a2200000 a 4500
005 20260127134152.0
008 130821 2013 000 0 slv d
035 |a vtls010537226 
039 9 |y 201308211340  |z mschk03 
040 |a STUSCHK1  |b slo  |c STUSCHK1  |e AACR2 
100 1 |a Botíková, Henrieta 
245 1 |a Biodegradovateľné polymérne zmesi na báze PLA pre obalové aplikácie  |b diplomová práca  |c Henrieta Botíková 
260 |a Bratislava  |b STU FCHPT  |c 2013 
300 |a 71 s.  |b il.  |c 30 cm 
500 |a Obhájené: 10.06.2013 
500 |a Štud.odbor: Chemické technológie 
500 |a Škol. pracovisko: Odd. plastov a kaučuku 
500 |a Evid. číslo: FCHPT-13576-50882 
910 |a SCHK95 
999 |c 5686  |d 5686